Gaming Quiz

Random Gaming or Minefield Quiz

US Monopoly (Redux) Quiz Stats

 Plays Quiz Updated Sep 10, 2017

Support Sporcle.
Go Orange.
Score 0/36 Timer 06:00
0 Plays Today
% Correct
???
48.6%
???
48.6%
???
48.2%
???
47.4%
???
46.5%
???
46.3%
???
46.2%
???
46%
???
45.7%
???
45.6%
???
44.6%
???
44.4%
???
44.3%
???
44.2%
???
42.3%
???
41.4%
???
41.4%
???
41.3%
% Correct
???
40.8%
???
40.4%
???
40.1%
???
40%
???
40%
???
39.6%
???
39.5%
???
38.6%
???
38.4%
???
38.2%
???
38.1%
???
38.1%
???
37%
???
37%
???
36.6%
???
36%
???
34.3%
???
29.9%

From the Vault

Basketball Movies

by Ben

Movies 7m
We suspect that the special effects budget of these movies is surprising large, most of it going to making it look like the actors can actually make a free throw.
Remove Ads.
Support Sporcle.
Get the best of Sporcle when you Go Orange. This ad-free experience offers more features, more stats, and more fun while also helping to support Sporcle. Thank you for becoming a member.

Show Comments

Extras

Top Quizzes Today


Score Distribution

Your Account Isn't Verified!

In order to create a playlist on Sporcle, you need to verify the email address you used during registration. Go to your Sporcle Settings to finish the process.

Report this User

Report this user for behavior that violates our Community Guidelines.

Details: